[Event "15th TCh-Eur Senior"]
[Site "Dresden GER"]
[Date "2013.07.22"]
[Round "3"]
[White "Just,Joa"]
[Black "Stuerzenbaum,A"]
[Result "1/2-1/2"]
[WhiteElo "2055"]
[BlackElo "2156"]

1.d4 Nf6 2.Nf3 g6 3.c4 Bg7 4.Nc3 d6 5.e4 O-O 6.Be2 Nbd7 7.O-O e5 8.dxe5 dxe5
9.h3 c6 10.Be3 Qe7 11.Qc2 Nh5 12.Rfd1 Nc5 13.Qd2 Ne6 14.Qd6 Qxd6  1/2-1/2

[Event "ch-AUT 2013"]
[Site "Feldkirch AUT"]
[Date "2013.07.22"]
[Round "3.10"]
[White "Mesaros,Florian"]
[Black "Kessler,L"]
[Result "1-0"]
[WhiteElo "2166"]
[BlackElo "2280"]

1.Nf3 d6 2.d4 Nd7 3.c4 e5 4.Nc3 Ngf6 5.e4 g6 6.Be2 Bg7 7.O-O O-O 8.Be3 Re8
9.d5 Ng4 10.Bg5 f6 11.Bh4 g5 12.Bg3 Nh6 13.Ne1 f5 14.exf5 Nxf5 15.Ne4 h6
16.Nc2 Nf6 17.f3 Nh5 18.Bf2 Nf4 19.Re1 Nxe2+ 20.Rxe2 Ne7 21.Rd2 Ng6 22.c5 Rf8
23.cxd6 cxd6 24.Ne3 Rf7 25.Rc1 Nf4 26.Rdc2 Bf8 27.Bg3 Rg7 28.Rc3 h5 29.Qc2 Bd7
30.Rc7 b6 31.Qd2 Rc8 32.Rxc8 Bxc8 33.Qc2 Bb7 34.Qc4 Kh8 35.Kh1 Rf7 36.b4 Bh6
37.Re1 Rc7 38.Qb3 Qd7 39.Qd1 Rc8 40.h4 gxh4 41.Bxh4 Ng6 42.Bf6+ Bg7 43.Bxg7+ Kxg7
44.Nxd6 Rf8 45.Nxb7 Qxb7 46.Qd2 h4 47.Ng4  1-0

[Event "36th Taminco Open"]
[Site "Ghent BEL"]
[Date "2013.07.22"]
[Round "6.3"]
[White "Docx,S"]
[Black "Popovic,Du"]
[Result "1/2-1/2"]
[WhiteElo "2488"]
[BlackElo "2568"]

1.d4 Nf6 2.c4 g6 3.Nc3 Bg7 4.e4 d6 5.Nf3 O-O 6.Be2 e5 7.Be3 exd4 8.Nxd4 Re8
9.f3 c6 10.Bf2 d5 11.exd5 cxd5 12.O-O Nc6 13.c5 Re5 14.a3 Bd7 15.b4 Nh5 16.g3 Bh3
17.Re1 Rg5 18.Nxc6 bxc6 19.Qd2 Re5  1/2-1/2

[Event "Quebec Open Invitational 2013"]
[Site "Montreal CAN"]
[Date "2013.07.22"]
[Round "3.13"]
[White "Vera Gonzalez Quevedo,R"]
[Black "Piasetski,L"]
[Result "1-0"]
[WhiteElo "2462"]
[BlackElo "2279"]

1.d4 g6 2.c4 Bg7 3.Nf3 d6 4.Nc3 Nd7 5.e4 e5 6.Be2 Ngf6 7.O-O O-O 8.Be3 Re8
9.d5 Nh5 10.g3 Bf8 11.Ne1 Ng7 12.Nd3 f5 13.f3 a5 14.a3 Nc5 15.Rc1 Be7 16.Nxc5 dxc5
17.Qd2 a4 18.Bd1 Bd7 19.Bc2 b6 20.Rce1 Nh5 21.exf5 gxf5 22.g4 Ng7 23.Bh6 Bh4
24.Re2 Qf6 25.Rg2 f4 26.Bxg7 Qxg7 27.Bf5 Kh8 28.Bxd7 Qxd7 29.Ne4 Rg8 30.Kh1 h6
31.Qc3 Qe7 32.Rd2 Rad8 33.Rfd1 Rg6 34.Qc2 Kg7 35.Qxa4 Qf8 36.Qc2 Be7 37.Qc3 Bd6
38.h4 Kg8 39.Qd3 Rg7 40.Rg1 Kh8 41.Rh2 Qe7 42.g5 Rdg8 43.Rgg2 Rf8 44.Kg1 Qf7
45.Kf1 Be7 46.Ke2 Rfg8 47.Kd2 Rh7 48.Kc2 hxg5 49.hxg5 Rg7 50.Rxh7+ Rxh7 51.g6 Qg7
52.Ng5 Rh1 53.Qf5 Bxg5 54.Qc8+ Qg8 55.g7+  1-0

[Event "Glorney Cup 2013"]
[Site "Cardiff ENG"]
[Date "2013.07.23"]
[Round "5.7"]
[White "Kostanjsek,Luke"]
[Black "Minnock,Eoin"]
[Result "1-0"]
[WhiteElo "1929"]
[BlackElo "1979"]

1.d4 Nf6 2.c4 g6 3.Nc3 Bg7 4.e4 d6 5.Nf3 O-O 6.Be2 e5 7.O-O Nbd7 8.Re1 Re8
9.Bf1 exd4 10.Nxd4 Nc5 11.f3 Ne6 12.Nc2 c6 13.g4 h5 14.g5 Nh7 15.h4 f6 16.f4 fxg5
17.hxg5 Nexg5 18.fxg5 Nxg5 19.Qd3 Rf8 20.Bg2 h4 21.e5 Kh7 22.Qxd6 Qxd6 23.exd6 Nf3+
24.Bxf3 Rxf3 25.Re7 Bf5 26.Nd4 Rg3+ 27.Kf2 Rf8 28.Nxf5 Rxf5+ 29.Ke2 Rg2+
30.Kd3 h3 31.Be3 Re5 32.d7 Rxe7 33.d8=Q Bf6 34.Qd6 Kg7 35.Ne4 Rf7 36.Nxf6 Rxf6
37.Bd4  1-0

[Event "36th Taminco Open"]
[Site "Ghent BEL"]
[Date "2013.07.23"]
[Round "8.2"]
[White "Ikonnikov,Vy"]
[Black "Popovic,Du"]
[Result "1/2-1/2"]
[WhiteElo "2548"]
[BlackElo "2568"]

1.d4 Nf6 2.Nf3 g6 3.c4 Bg7 4.Nc3 d6 5.e4 O-O 6.Be2 e5 7.d5 a5 8.Bg5 h6 9.Bh4 Na6
10.Nd2 Qe8 11.O-O Nh7 12.a3 Bd7 13.Nb5 h5 14.f3 Bh6 15.Rb1 a4 16.b4 axb3
17.Nxb3 Be3+ 18.Bf2 Bxf2+ 19.Rxf2 f5 20.exf5 gxf5 21.f4 Nf6 22.fxe5 Qxe5
23.Qd4  1/2-1/2

[Event "39th Sitges Open"]
[Site "Sitges ESP"]
[Date "2013.07.23"]
[Round "2.7"]
[White "Hansen,TR"]
[Black "Blandon Villa,D"]
[Result "1-0"]
[WhiteElo "2492"]
[BlackElo "2196"]

1.Nf3 Nf6 2.c4 g6 3.Nc3 Bg7 4.e4 d6 5.d4 O-O 6.Be2 e5 7.d5 a5 8.Be3 Ng4 9.Bg5 f6
10.Bh4 h5 11.c5 g5 12.h3 Nh6 13.Bg3 h4 14.Bh2 dxc5 15.Nd2 Bd7 16.Qb3 Ra7
17.Nb5 Bxb5 18.Qxb5 b6 19.Nc4 Nf7 20.Bg4 Qe8 21.Qxe8 Rxe8 22.f3 Bf8 23.g3 b5
24.Ne3 hxg3 25.Bxg3 a4 26.Be6 a3 27.b3 Na6 28.h4 c4 29.hxg5 fxg5 30.Ng4 Bg7
31.bxc4 bxc4 32.Rb1 Nc5 33.Bf2 Nd3+ 34.Kd2 Raa8 35.Rb7 Re7 36.Be3 Nf4 37.Bc5 Rxe6
38.dxe6 Nxe6 39.Be7 Nfd8 40.Bxd8 Rxd8+ 41.Kc3 Rd3+ 42.Kxc4 Rxf3 43.Nh6+ Bxh6
44.Rxh6 Kf7 45.Kd5 Rf6 46.Rh7+ Kg6 47.Re7 Nf4+ 48.Kxe5 c5 49.Rg7+  1-0

[Event "ch-AUT 2013"]
[Site "Feldkirch AUT"]
[Date "2013.07.24"]
[Round "5.4"]
[White "Diermair,A"]
[Black "Mittelberger,P"]
[Result "1-0"]
[WhiteElo "2426"]
[BlackElo "2246"]

1.d4 d6 2.Nf3 g6 3.c4 Bg7 4.Nc3 Nf6 5.e4 O-O 6.Be2 Nbd7 7.O-O e5 8.Be3 Ng4
9.Bg5 f6 10.Bd2 Nh6 11.Qc2 c6 12.Rad1 Qe7 13.b4 Rd8 14.b5 Nf8 15.bxc6 bxc6
16.d5 c5 17.Rb1 Nf7 18.Qa4 f5 19.Qc6 Bd7 20.Qc7 Rdc8 21.Qa5 fxe4 22.Nxe4 Bf5
23.Bd3 Bxe4 24.Bxe4 Bf6 25.Rb3 Qd7 26.h3 Rab8 27.Rfb1 Bd8 28.Qa6 Rb6 29.Rxb6 axb6
30.Nh2 Rb8 31.Ng4 Rb7 32.Qb5 Qxb5 33.Rxb5 Ra7 34.Rb2 Ra4 35.Ne3 Kg7 36.Bc2 Ra6
37.g3 Nd7 38.h4 Nf6 39.a4 Nh6 40.f3 Ra7 41.Kg2 Nh5 42.Bc3 Kg8 43.a5 bxa5
44.Rb8 Nf7 45.Ba4 Kf8 46.Nc2 Nf6 47.Na3 Nd7 48.Bxd7 Rxd7 49.Nb5 a4 50.Ra8 Nh6
51.g4 Kg7 52.Nxd6 Nf7 53.Ne4  1-0

[Event "Maccabiah GM2 2013"]
[Site "Jerusalem ISR"]
[Date "2013.07.24"]
[Round "5.5"]
[White "Bitelmajer,M"]
[Black "Kantsler,B"]
[Result "1/2-1/2"]
[WhiteElo "2343"]
[BlackElo "2430"]

1.d4 d6 2.Nf3 Nf6 3.c4 g6 4.Nc3 Bg7 5.e4 O-O 6.Be2 e5 7.O-O Na6 8.Re1 c6
9.Bf1 Bg4 10.d5 Nb4 11.Be2 a5 12.Be3 Qe7 13.h3 Bd7 14.Nd2 c5 15.Nf1 Ne8 16.a3 Na6
17.g4 Bf6 18.Qd2 Nec7 19.Ng3 Rfb8 20.a4 Nb4 21.g5 Bg7 22.h4 f6 23.gxf6 Bxf6
24.h5 Rf8 25.hxg6 hxg6 26.Kg2 Kf7 27.Rh1 Rh8 28.Rag1 Rxh1 29.Rxh1 Rh8 30.Rxh8 Bxh8
31.Bxc5 dxc5 32.d6 Qd8 33.dxc7 Qxc7 34.Nb5 Bxb5 35.cxb5  1/2-1/2

[Event "31st Andorra Open"]
[Site "La Massana AND"]
[Date "2013.07.25"]
[Round "6.3"]
[White "Vazquez Igarza,R"]
[Black "Vovk,A"]
[Result "1/2-1/2"]
[WhiteElo "2571"]
[BlackElo "2567"]

1.d4 Nf6 2.c4 g6 3.Nc3 Bg7 4.e4 d6 5.Nf3 O-O 6.Be2 e5 7.Be3 exd4 8.Nxd4 Re8
9.f3 c6 10.Bf2 d5 11.exd5 cxd5 12.O-O Nc6 13.c5 Nh5 14.Qd2 Be5 15.g3 Ng7
16.Rfd1 Bf5 17.g4 Be6 18.Ndb5 a6 19.Nd6 Bxd6 20.cxd6 Qxd6 21.Ne4 Qe7 22.Bc5 Qh4
23.Bf2 Qe7 24.Bc5  1/2-1/2

[Event "Czech Open B 2013"]
[Site "Pardubice CZE"]
[Date "2013.07.25"]
[Round "7.11"]
[White "Ovchinnikov,Vsevolod"]
[Black "Balenovic,Z"]
[Result "1-0"]
[WhiteElo "2027"]
[BlackElo "2202"]

1.d4 Nf6 2.c4 g6 3.Nc3 Bg7 4.e4 d6 5.Nf3 O-O 6.Be2 e5 7.d5 a5 8.Bg5 h6 9.Bh4 Na6
10.Nd2 Qe8 11.a3 Bd7 12.b3 Nh7 13.O-O h5 14.f3 Bh6 15.Kh1 Be3 16.Qc2 g5 17.Bf2 Bc5
18.Nb5 Qe7 19.Rae1 h4 20.Bxc5 dxc5 21.g3 hxg3 22.hxg3 Nf6 23.Kg2 Kg7 24.Rh1 Rh8
25.Qd3 Rad8 26.Nc3 Rdg8 27.Rxh8 Rxh8 28.Rh1 Rxh1 29.Kxh1 Qf8 30.Qe3 Qh8+
31.Kg1 Qh6 32.Nd1 Nh5 33.Nf1 Bh3 34.Nf2 Bxf1 35.Ng4 Qg6 36.Nxe5 Qf6 37.Ng4 Qd4
38.Bxf1 Nxg3 39.Kg2 Qxe3 40.Nxe3 Nh5 41.Kh2 Nf4 42.Bh3 Nb8 43.Bc8 b6 44.Kg3 Ne2+
45.Kg4 f6 46.Nf1 Kf7 47.Nd2 Ke7 48.e5 fxe5 49.Kf5 Nd4+ 50.Kxe5 Kd8 51.Bg4 Ke7
52.Bc8 Kd8 53.Bh3 Ke7 54.Bg4 Na6 55.Bc8 Nb8 56.Bf5 Na6 57.Bg4 Nb8 58.b4 axb4
59.axb4 Na6 60.bxc5 bxc5 61.Ne4 Nc2 62.Bc8 Nab4 63.Nxc5 Ne1 64.Bg4 Ned3+
65.Nxd3 Nxd3+ 66.Kd4 Nf4 67.Bf5 Kf6 68.Be4 Ng2 69.Kc5 Ne3 70.Bd3 Ke7 71.Kc6 Kd8
72.Kc5 Ke7 73.Kd4 Ng2 74.Ke5 Nh4 75.Be2 Kf7 76.c5 Ng6+ 77.Ke4 Kf6 78.Bb5 Ne5
79.d6 cxd6 80.cxd6 Ke6 81.d7 Nxd7 82.Bxd7+ Kxd7 83.Kf5 Ke7 84.Kxg5 Ke6 85.f4 Kf7
86.Kf5 Ke7 87.Kg6 Kf8 88.Kf6  1-0

[Event "28th Avoine Open"]
[Site "Avoine FRA"]
[Date "2013.07.26"]
[Round "7.2"]
[White "Stephan,V"]
[Black "Jianu,V"]
[Result "0-1"]
[WhiteElo "2337"]
[BlackElo "2560"]

1.d4 Nf6 2.c4 g6 3.Nc3 Bg7 4.e4 d6 5.Nf3 O-O 6.Be2 e5 7.dxe5 dxe5 8.Qxd8 Rxd8
9.Nd5 Nxd5 10.cxd5 c6 11.Bc4 b5 12.Bb3 Bb7 13.Bg5 Rc8 14.Rd1 c5 15.h4 h5
16.Ke2 Nd7 17.g4 hxg4 18.Nh2 f6 19.Bc1 f5 20.Bc2 Rf8 21.Bg5 c4 22.Nf1 Nf6
23.h5 Nxh5 24.Ne3 Nf4+ 25.Ke1 Bc8 26.d6 Bd7 27.Be7 Rf7 28.exf5 gxf5 29.Nxg4 Ng6
30.Rg1 e4 31.Nf6+ Rxf6 32.Bxf6 Bxf6 33.Rxg6+ Kf7 34.Rg1 Bxb2 35.Ke2 Rh8 36.Rh1 Ke6
37.Rxh8 Bxh8 38.Rh1 Be5 39.Rh6+ Kd5 40.f3 exf3+ 41.Kxf3 b4 42.Rh5 f4 43.Bf5 Bxf5
44.Rxf5 Kxd6 45.Ke4 c3 46.Kd3 a5 47.Rf8 a4 48.Rd8+ Ke6 49.Re8+ Kf5 50.Rf8+ Kg4
51.Re8 f3 52.Rxe5 f2 53.Re4+ Kf5 54.Kd4  0-1

[Event "15th TCh-Eur Senior"]
[Site "Dresden GER"]
[Date "2013.07.26"]
[Round "7"]
[White "Bernhardsson,S"]
[Black "Palmo,P"]
[Result "1/2-1/2"]
[WhiteElo "2084"]
[BlackElo "2034"]

1.d4 Nf6 2.Nf3 g6 3.c4 Bg7 4.Nc3 O-O 5.e4 d6 6.Be2 e5 7.Be3 Nc6 8.d5 Ne7
9.Nd2 Nd7 10.b4 f5 11.f3 Nf6 12.c5 Ne8 13.Rc1 Kh8 14.cxd6 cxd6 15.Nb5 Bd7
16.a4 a6 17.Na3 Rc8 18.Nac4 Qc7 19.Bb6 Qb8 20.O-O Bh6 21.Qb3 Ng8 22.Be3 Bxe3+
23.Qxe3 Ngf6 24.Nb6 Rxc1 25.Rxc1 Qd8 26.a5 fxe4 27.fxe4 Ng4 28.Qg3 Ngf6 29.h3 Kg7
30.Bf3 Nc7 31.Be2 Bb5 32.Bxb5 Nxb5 33.Qh4 Nh5 34.Qxd8 Rxd8 35.Rc8 Rxc8 36.Nxc8 Nf6
37.Kf2 Ne8 38.Ke3 Kf6 39.Nc4 h6  1/2-1/2

[Event "15th TCh-Eur Senior"]
[Site "Dresden GER"]
[Date "2013.07.26"]
[Round "7"]
[White "Hellwege,W"]
[Black "Miles,R"]
[Result "1/2-1/2"]
[WhiteElo "2033"]
[BlackElo "2088"]

1.d4 Nf6 2.c4 g6 3.Nc3 Bg7 4.e4 d6 5.Nf3 O-O 6.Be2 e5 7.Be3 Ng4 8.Bg5 f6
9.Bh4 g5 10.h3 Nh6 11.Bg3 Nf7 12.d5 c5 13.Nh2 Nh8 14.Bg4 f5 15.Bxf5 Bxf5
16.exf5 Rxf5 17.O-O Qe7 18.Ne4 Nd7 19.Qg4 Raf8 20.Nf3 h6 21.h4 Rf4 22.Bxf4 Rxf4
23.Qe6+ Qxe6 24.dxe6 Rxe4 25.exd7 Bf6 26.hxg5 hxg5 27.Rfc1 Nf7 28.Rab1 Kf8
29.b4 b6 30.bxc5 dxc5 31.a4 g4 32.Nh2 Bg5 33.Rc2 Ke7 34.a5 Kxd7 35.axb6 axb6
36.Rxb6 Re1+ 37.Nf1 g3 38.Rb7+ Ke6 39.Ra2 Nh6 40.Ra3 gxf2+ 41.Kxf2 Rc1 42.Ne3 Bxe3+
43.Kxe3 Kf5 44.Ra4 Rc2 45.Ra6 Ng4+ 46.Kd3 Rxg2 47.Rf7+ Kg5 48.Ke4 Rd2 49.Rg7+ Kh4
50.Rag6 Rd4+ 51.Kf5 Rf4+ 52.Ke6 Rxc4 53.Kd5 Rd4+ 54.Kxc5 Kh3 55.Rd6 Rxd6
56.Kxd6 Kg3 57.Kd5 Kf4 58.Rf7+ Kg5 59.Ke4 Kg6 60.Rf1 Kg5 61.Rg1 Kh4 62.Kf5 Nh2
63.Rg6 Nf3 64.Ke6 Ng5+ 65.Kxe5 Nh3 66.Kf5 Nf2 67.Kf4 Nh3+ 68.Kf3 Ng5+ 69.Kf4 Nh3+
70.Kf3 Ng5+ 71.Kf4 Nh3+ 72.Kf5 Nf2 73.Rg7 Kh3 74.Kf4 Nd3+ 75.Ke3 Ne5 76.Rg1 Ng4+
77.Kf3 Nh2+ 78.Kf2  1/2-1/2

[Event "ch-AUT 2013"]
[Site "Feldkirch AUT"]
[Date "2013.07.26"]
[Round "7.13"]
[White "Gerhold,M"]
[Black "Forster,Re"]
[Result "1-0"]
[WhiteElo "2256"]
[BlackElo "2077"]

1.Nf3 Nf6 2.c4 g6 3.Nc3 d6 4.d4 Bg7 5.e4 O-O 6.Be2 e5 7.d5 a5 8.Bg5 Na6 9.O-O Qe8
10.Ne1 Nc5 11.f3 Nh5 12.Nd3 Nxd3 13.Bxd3 f5 14.Nb5 Rf7 15.c5 Qf8 16.cxd6 cxd6
17.Qd2 f4 18.Bh4 Bf6 19.Bf2 Bd8 20.Rac1 g5 21.Be2 Nf6 22.Rc2 h5 23.Rfc1 Bd7
24.Nc7 Rc8 25.Ne6 Bxe6 26.Rxc8 Bxc8 27.Rxc8 Nd7 28.Kf1 Kg7 29.Qc2 Qe7 30.Ra8 b6
31.Qc8  1-0

[Event "Czech Open B 2013"]
[Site "Pardubice CZE"]
[Date "2013.07.26"]
[Round "8.2"]
[White "Nikolaev,L"]
[Black "Kuzmin,Gen"]
[Result "1-0"]
[WhiteElo "2293"]
[BlackElo "2426"]

1.d4 Nf6 2.Nf3 g6 3.c4 Bg7 4.Nc3 d6 5.e4 O-O 6.Be2 e5 7.d5 a5 8.Bg5 h6 9.Bh4 Na6
10.Nd2 Qe8 11.O-O Bd7 12.Rb1 Nh7 13.b3 h5 14.f3 Bh6 15.a3 f5 16.exf5 Bxf5
17.Nde4 Nc5 18.Nxc5 Be3+ 19.Bf2 Bxc5 20.Bd3 Bxa3 21.Nb5 e4 22.fxe4 Bg4 23.Qc2 Bb4
24.Nxc7 Qe7 25.Nxa8 Rxa8 26.Bd4 h4 27.h3 Bd7 28.Rf2 Rf8 29.Rxf8+ Nxf8 30.Rf1 Nh7
31.Ba1  1-0

[Event "Politiken Cup 2013"]
[Site "Helsingor DEN"]
[Date "2013.07.27"]
[Round "1.1"]
[White "Hedin,Niclas"]
[Black "Cheparinov,I"]
[Result "0-1"]
[WhiteElo "1969"]
[BlackElo "2678"]

1.d4 Nf6 2.c4 g6 3.Nc3 Bg7 4.e4 d6 5.Nf3 O-O 6.Be2 Nbd7 7.O-O e5 8.Be3 Re8
9.Qc2 c6 10.Rad1 Qe7 11.Rfe1 exd4 12.Bxd4 Ne5 13.Nxe5 dxe5 14.Be3 h5 15.f3 h4
16.Bf1 Nh5 17.Qd2 Be6 18.b3 Bf6 19.Qd6 Qxd6 20.Rxd6 Be7 21.Rdd1 Bb4 22.Rc1 Kg7
23.Red1 b6 24.Bd3 Nf4 25.Ne2 Nxd3 26.Rxd3 Rad8 27.Rcd1 Rxd3 28.Rxd3 f5 29.Nc3 f4
30.Bf2 h3 31.Nd1 hxg2 32.Kxg2 g5 33.Nb2 Be7 34.Be1 g4 35.Bc3 Kf6 36.Nd1 Rg8
37.Nf2 gxf3+ 38.Kf1 Rg5 39.Rxf3 Kf7 40.Nd3 Bd6 41.Nf2 Ke7 42.Bb2 Bc5 43.Nd3 Rg1+
44.Ke2 Bg4 45.Nxe5 Rg2+ 46.Kf1 Bxf3 47.Nxf3 Rxb2  0-1

[Event "31st Andorra Open"]
[Site "La Massana AND"]
[Date "2013.07.27"]
[Round "8.1"]
[White "Iturrizaga,E"]
[Black "Vovk,A"]
[Result "1/2-1/2"]
[WhiteElo "2643"]
[BlackElo "2567"]

1.d4 Nf6 2.c4 g6 3.Nc3 Bg7 4.e4 d6 5.Nf3 O-O 6.Be2 e5 7.O-O exd4 8.Nxd4 Re8
9.f3 Nc6 10.Be3 Nh5 11.Nc2 f5 12.Qd2 Be6 13.Bg5 Bf6 14.f4 Ng7 15.exf5 Bxf5
16.Nd5 Bxg5 17.fxg5 Re5 18.Nf6+ Kh8 19.Ne3 Qe7 20.Rf3 Be6 21.Raf1 Nf5 22.Bd3 Nxe3
23.Rxe3 Rxe3 24.Qxe3 Ne5 25.h4 Rf8 26.b3 b6 27.g4 Qg7 28.Be2 Rf7 29.Qe4 Qf8
30.Kh2 Qe7 31.Kg3 a5 32.Qe3 Qf8 33.Rf4 Kg7 34.Bf3 Qd8 35.Be4 Kh8 36.Rf2 Rf8
37.h5 gxh5 38.gxh5 h6 39.Bc2 Qe7  1/2-1/2

[Event "III Brazil Maringa Open"]
[Site "Maringa BRA"]
[Date "2013.07.27"]
[Round "6.22"]
[White "Okamura,M"]
[Black "Chang,S"]
[Result "0-1"]
[WhiteElo "2082"]
[BlackElo "1998"]

1.d4 Nf6 2.c4 g6 3.Nc3 Bg7 4.e4 d6 5.Nf3 O-O 6.Be2 Na6 7.O-O e5 8.Re1 Bg4
9.d5 Nc5 10.h3 Bc8 11.Qc2 a5 12.Be3 Nfd7 13.Nd2 f5 14.f3 f4 15.Bf2 Bf6 16.Nb5 Rf7
17.Red1 b6 18.a3 a4 19.Nb1 Nb3 20.Ra2 Ndc5 21.Be1 Bh4 22.Bxh4 Qxh4 23.Bf1 h5
24.N1c3 Rg7 25.Qf2 Qe7 26.Ne2 g5 27.Nbc3 Bd7 28.Nc1 g4 29.Nxb3 Nxb3 30.Raa1 Kh8
31.Nb5 Bxb5 32.cxb5 Rag8 33.fxg4 hxg4 34.hxg4 Rxg4 35.Rd3 Rg3 36.Rc3 R8g7  0-1

[Event "Czech Open A 2013"]
[Site "Pardubice CZE"]
[Date "2013.07.27"]
[Round "9.40"]
[White "Gavrilov,Al1"]
[Black "Savitskiy,S"]
[Result "0-1"]
[WhiteElo "2452"]
[BlackElo "2351"]

1.d4 Nf6 2.Nf3 g6 3.c4 Bg7 4.Nc3 O-O 5.e4 d6 6.Be2 e5 7.O-O Na6 8.Re1 exd4
9.Nxd4 Nc5 10.Bf1 a5 11.Bg5 c6 12.Qd2 Qb6 13.Rad1 Re8 14.f3 a4 15.Kh1 Nfd7
16.Be3 Ne5 17.Rb1 Qc7 18.Red1 Ne6 19.Rbc1 Qe7 20.Nc2 Qh4 21.Qf2 Qe7 22.Rd2 f5
23.exf5 gxf5 24.Re1 f4 25.Bb6 Nc5 26.Bxc5 dxc5 27.Ne4 b6 28.Red1 Be6 29.b3 Red8
30.Ne1 Bf5 31.Nd6 Bg6 32.Qe2 Qh4 33.Ne4 Rxd2 34.Qxd2 Bxe4 35.fxe4 Ng4 36.Nf3 Nf2+
37.Kg1 Nxd1 38.Qxd1 Qd8 39.Bd3 Ra7 40.Kf1 Bc3 41.bxa4 Rd7 42.Ke2 Qf6 43.Qb1 Qg7
44.Kf1 h6 45.e5 Bxe5 46.Bf5 Re7 47.Qxb6 Bc7 48.Qb3 Re3 49.Qb7 Qf7 50.Qc8+ Re8
51.Qd7 Qxc4+ 52.Bd3 Qc1+ 53.Kf2 Qe3+ 54.Kf1 Ba5 55.Qh7+ Kf8 56.Qxh6+ Ke7
57.Bf5 Qc1+ 58.Kf2 Qb2+ 59.Kf1 Qa1+ 60.Kf2 Qxa2+ 61.Kf1 Qa1+ 62.Kf2 Qb2+
63.Kf1 Qc1+ 64.Kf2 Qe3+ 65.Kf1 Rd8 66.Qh7+ Kd6 67.Be4 c4 68.Qg6+ Kc5 69.Qxc6+ Kb4
70.Qb5+ Ka3 71.Bc2 Qc1+  0-1

[Event "28th Avoine Open"]
[Site "Avoine FRA"]
[Date "2013.07.28"]
[Round "9.4"]
[White "Lazarev,V"]
[Black "Kambrath,Y"]
[Result "1-0"]
[WhiteElo "2410"]
[BlackElo "2267"]

1.Nf3 Nf6 2.c4 g6 3.Nc3 Bg7 4.e4 d6 5.d4 O-O 6.Be2 e5 7.Be3 c6 8.d5 Na6 9.O-O Ng4
10.Bg5 f6 11.Bh4 g5 12.Bg3 c5 13.Nxg5 Nxh2 14.Bxh2 fxg5 15.a3 Qd7 16.Qd3 g4
17.Qg3 Bh6 18.f3 Be3+ 19.Kh1 Qg7 20.fxg4 Bf4 21.Qh4 Bg5 22.Rxf8+ Kxf8 23.Rf1+ Kg8
24.Qh5 Bd7 25.Nb5 Be8 26.Qh3 Qe7 27.Bg1 Nc7 28.Nc3 Bg6 29.Be3 Rf8 30.Rxf8+ Kxf8
31.Qf3+ Kg8 32.Kg1 Ne8 33.Nd1 Bh4 34.g3 Bf6 35.Nf2 Bg5 36.Nh3 Bxe3+ 37.Qxe3 Nf6
38.Nf2 Qd7 39.g5 Ne8 40.Ng4 Kg7 41.Nh6 Qd8 42.Bg4 Qb6 43.b3 Qa5 44.a4 Qd8
45.Kh2 a5 46.Kh3 b6 47.Kh4 Nc7 48.Bh5 Qf8 49.Qe2 Qc8 50.Qf3 Qf8 51.Nf5+ Kh8
52.Qg4 Ne8 53.Qh3 Qf7 54.Kg4 Ng7 55.Bxg6 Qxg6 56.Qh6 Qxh6 57.Nxh6 Ne8 58.Kf5 Kg7
59.Ke6 Kg6 60.Ke7  1-0

[Event "Sparkassen Open A 2013"]
[Site "Dortmund GER"]
[Date "2013.07.28"]
[Round "2.21"]
[White "Eckardt,Joshua"]
[Black "Ciornei,D"]
[Result "1/2-1/2"]
[WhiteElo "2023"]
[BlackElo "2205"]

1.d4 Nf6 2.c4 g6 3.Nc3 Bg7 4.e4 O-O 5.Nf3 d6 6.Be2 e5 7.O-O exd4 8.Nxd4 Re8
9.f3 c6 10.Kh1 a6 11.Nc2 b5 12.Bf4 d5 13.exd5 cxd5 14.cxb5 d4 15.Nxd4 Nh5
16.Bxb8 Qxd4 17.Bc7 Qxd1 18.Bxd1 axb5 19.Bb3 Be6 20.Bxe6 Rxe6 21.Rfe1 b4
22.Nd5  1/2-1/2

[Event "9th Gazi 2013"]
[Site "Gazi GRE"]
[Date "2013.07.28"]
[Round "2"]
[White "Georgiou,And"]
[Black "Milonakis,G"]
[Result "0-1"]
[WhiteElo "1767"]
[BlackElo "2213"]

1.d4 Nf6 2.c4 g6 3.Nc3 Bg7 4.e4 d6 5.Nf3 O-O 6.Be2 e5 7.Be3 Ng4 8.Bg5 f6
9.Bh4 g5 10.Bg3 Nh6 11.O-O c6 12.dxe5 dxe5 13.Qxd8 Rxd8 14.Rad1 Rxd1 15.Rxd1 Nf7
16.c5 Be6 17.Nd2 Bf8 18.b4 a5 19.a3 axb4 20.axb4 Ra3 21.Rc1 Na6 22.Bxa6 Rxa6
23.f3 g4 24.Bf2 Bh6 25.Be1 Be3+ 26.Kf1 gxf3 27.gxf3 Ng5 28.Ke2 Bf4 29.Bg3 Bxd2
30.Kxd2 Nxf3+ 31.Ke3 Nd4 32.Bh4 Kf7 33.Rf1 f5 34.Bd8 Ra3 35.exf5 Rxc3+ 36.Kd2 Rc2+
37.Kd3 Bc4+  0-1

[Event "Politiken Cup 2013"]
[Site "Helsingor DEN"]
[Date "2013.07.28"]
[Round "2.27"]
[White "Kristiansen,Jen"]
[Black "Smagin,N"]
[Result "1-0"]
[WhiteElo "2396"]
[BlackElo "2081"]

1.d4 Nf6 2.Nf3 g6 3.c4 Bg7 4.Nc3 O-O 5.e4 d6 6.Be2 e5 7.d5 a5 8.Bg5 h6 9.Bh4 Na6
10.Nd2 Qe8 11.a3 Bd7 12.b3 Nh7 13.O-O h5 14.f3 Bh6 15.Rb1 Be3+ 16.Bf2 Bxf2+
17.Rxf2 Nc5 18.Qc1 Qe7 19.b4 axb4 20.axb4 Na4 21.c5 Nxc3 22.Qxc3 f5 23.c6 bxc6
24.dxc6 Be6 25.Bc4 Bxc4 26.Qxc4+ Kh8 27.b5 fxe4 28.Nxe4 Ng5 29.Nxg5 Qxg5
30.b6 cxb6 31.Qd3 Qf5 32.Rd2 Rfd8 33.Rxb6 Ra1+ 34.Kf2 Qxd3 35.Rxd3 Rc1 36.Kg3 Kg7
37.Rb7+ Kh6 38.Rc7 Rc5 39.Rb3 Kg5 40.h4+ Kf5 41.Rbb7 d5 42.Rf7+ Ke6 43.Rg7 Kf6
44.Rbf7+ Ke6 45.Rd7 Kf6 46.Rxg6+ Kxg6 47.Rxd8 d4 48.Rd6+ Kf5 49.Rh6 d3 50.Kf2 Rc2+
51.Ke3 d2 52.Rxh5+ Ke6 53.Ke2 d1=Q+ 54.Kxd1 Rxg2 55.Rh6+ Ke7 56.Rh7+ Kd8
57.h5 Rh2 58.h6 Kc8 59.Ke1  1-0

[Event "Politiken Cup 2013"]
[Site "Helsingor DEN"]
[Date "2013.07.28"]
[Round "3.20"]
[White "Andersen,Mad"]
[Black "Fossan,P"]
[Result "1-0"]
[WhiteElo "2477"]
[BlackElo "2245"]

1.d4 Nf6 2.c4 g6 3.Nc3 Bg7 4.e4 d6 5.Nf3 O-O 6.Be2 e5 7.O-O Na6 8.Be3 Ng4
9.Bg5 Qe8 10.Re1 h6 11.Bc1 Qe7 12.h3 Nf6 13.Bf1 c6 14.c5 dxc5 15.dxe5 Nd7
16.Qd6 Qe6 17.Bf4 Re8 18.Rad1 Nb4 19.Qxe6 Rxe6 20.Re2 g5 21.Bg3 b5 22.Red2 Nxe5
23.Rd8+ Kh7 24.Nxe5 Bxe5 25.Bxe5 Rxe5 26.Rf8 Re7 27.Rdd8 Rc7 28.a3 Nc2 29.e5 c4
30.g4 Bb7 31.Rxa8 Bxa8 32.Rxa8 Re7 33.Bg2 Nd4 34.Rd8  1-0

[Event "Politiken Cup 2013"]
[Site "Helsingor DEN"]
[Date "2013.07.28"]
[Round "3.23"]
[White "Leutwyler,M"]
[Black "Mikkelsen,N"]
[Result "0-1"]
[WhiteElo "2180"]
[BlackElo "2418"]

1.d4 Nf6 2.Nf3 g6 3.c4 Bg7 4.Nc3 O-O 5.e4 d6 6.Be2 Na6 7.O-O e5 8.Be3 Ng4
9.Bg5 Qe8 10.dxe5 dxe5 11.h3 f6 12.Bd2 Nh6 13.Qc1 Nf7 14.c5 c6 15.Na4 Nc7
16.b4 Ne6 17.Re1 Qe7 18.Qc2 Kh8 19.Rad1 Rg8 20.Bc3 Nf4 21.Bf1 g5 22.Nh2 h5
23.g4 Be6 24.Bd2 Bf8 25.Bg2 Kh7 26.f3 Nh8 27.Nf1 Qf7 28.Nc3 a5 29.Nd5 axb4
30.Bxb4 Nhg6 31.Nxf4 exf4 32.Ra1 Ne5 33.a3 Be7 34.Rab1 Rgd8 35.Red1 Rxd1
36.Qxd1 Rd8 37.Qc2 Bc4 38.Rc1 hxg4 39.hxg4 Qf8 40.Nd2 Bxc5+ 41.Bxc5 Qxc5+
42.Kh1 Kg7 43.Nxc4 Rh8+ 44.Bh3 Rxh3+ 45.Kg2 Rg3+ 46.Kh1 Nxf3  0-1

[Event "Maccabiah IM1 2013"]
[Site "Jerusalem ISR"]
[Date "2013.07.28"]
[Round "9.3"]
[White "Battaglini,G"]
[Black "Bitensky,I"]
[Result "1-0"]
[WhiteElo "2451"]
[BlackElo "2395"]

1.d4 Nf6 2.c4 g6 3.Nc3 Bg7 4.e4 d6 5.Nf3 O-O 6.Be2 Nbd7 7.O-O e5 8.d5 Nc5
9.Qc2 a5 10.Bg5 h6 11.Be3 b6 12.Nd2 Ng4 13.Bxg4 Bxg4 14.a3 f5 15.f3 Bh5 16.b4 Nd7
17.Nb5 Rf7 18.h3 f4 19.Bf2 Bf8 20.bxa5 Rxa5 21.a4 Nc5 22.Ra3 Be7 23.Nb3 Nxb3
24.Qxb3 Bh4 25.Bxh4 Qxh4 26.c5 bxc5 27.Na7 Kg7 28.Nc6 c4 29.Qb8 c3 30.Nxa5 Bxf3
31.Rxf3 Qe1+ 32.Kh2 c2 33.Rac3  1-0

[Event "III Brazil Maringa Open"]
[Site "Maringa BRA"]
[Date "2013.07.28"]
[Round "8.13"]
[White "Santos,RenA"]
[Black "Cruz,Will"]
[Result "1/2-1/2"]
[WhiteElo "2188"]
[BlackElo "2170"]

1.Nf3 Nf6 2.c4 g6 3.Nc3 Bg7 4.e4 d6 5.d4 O-O 6.Be2 e5 7.dxe5 dxe5 8.Qxd8 Rxd8
9.Bg5 Re8 10.Nd5 Nxd5 11.cxd5 c6 12.Bc4 cxd5 13.Bxd5 Nd7 14.O-O-O Nf6 15.Bxf6 Bxf6
16.Kb1 Kg7 17.Rc1 Bd8 18.Rc2 Rb8 19.Rd1 f5 20.Nd2 b5 21.Bc6 Re6 22.Bxb5 Rxb5
23.Rxc8 Rd6 24.Kc2 Bb6 25.f3 fxe4 26.Nxe4 Rxd1 27.Kxd1 Rxb2 28.Rc2 Rb5 29.Kd2 Rd5+
30.Kc3 Rd4 31.Kb3 h6 32.Rd2 Rxd2 33.Nxd2 Kf6 34.Kc4 Kf5 35.Kd3 g5 36.Ne4 g4
37.Ng3+ Kf4 38.fxg4 Kxg4 39.Ke4 Bg1 40.Nf1 Bd4 41.Nd2 h5 42.Nf3 Bb6 43.Nxe5+ Kg5
44.a4 h4 45.h3 Ba5 46.Nf3+ Kh5 47.Kf5 Bb6 48.Ne5 Bf2 49.Nd3 Bg3 50.a5 a6
51.Nc5 Be1 52.Nxa6 Bxa5 53.Nc5 Bc3 54.Nd3 Bd2 55.Nf4+ Kh6 56.Kg4 Kg7 57.Ne6+ Kf6
58.Nd4 Bc1 59.Nf3 Kg6 60.Nxh4+ Kh6 61.Nf3 Kg6 62.h4 Bb2 63.Kh3 Ba1 64.g4 Bb2
65.Kg3 Bc1 66.Nd4 Bb2 67.Ne2 Be5+ 68.Kf3 Bf6 69.Nf4+ Kh6 70.Kg3 Bd8 71.Ne6 Be7
72.g5+ Kg6 73.Kg4 Kh7 74.Kf5 Ba3 75.h5 Bb2 76.Nf4 Kh8 77.h6 Ba3 78.Nh5 Bf8
79.Kg6 Kg8 80.Kf6 Kh7 81.Ng7 Bxg7+ 82.hxg7 Kg8  1/2-1/2